Lujuria a primera vista/Mentiras y sexo (Record no. 71357)

MARC details
000 -LEADER
campo de control de longitud fija 00525nmm a2200193Ia 4500
008 - DATOS DE LONGITUD FIJA--INFORMACIÓN GENERAL
campo de control de longitud fija 251105s9999||||xx |||||||||||||||||und||
020 ## - NÚMERO INTERNACIONAL ESTÁNDAR DEL LIBRO
Número Internacional Estándar del Libro 9788468709536
041 ## - CÓDIGO DE IDIOMA
Código de lengua del texto/banda sonora o título independiente spa
100 ## - ENTRADA PRINCIPAL--NOMBRE DE PERSONA
Nombre de persona Sharpe, Isabel
245 #0 - MENCIÓN DEL TÍTULO
Título Lujuria a primera vista/Mentiras y sexo
264 ## - PRODUCCIÓN, PUBLICACIÓN, DISTRIBUCIÓN, FABRICACIÓN Y COPYRIGHT
Producción, publicación, distribución, fabricación y copyright [Madrid, España] :
Nombre del de productor, editor, distribuidor, fabricante Harlequin,
Fecha de producción, publicación, distribución, fabricación o copyright 2012
300 ## - DESCRIPCIÓN FÍSICA
Extensión 448 páginas
490 ## - MENCIÓN DE SERIE
Mención de serie Pasión
650 ## - PUNTO DE ACCESO ADICIONAL DE MATERIA--TÉRMINO DE MATERIA
Término de materia o nombre geográfico como elemento de entrada Erotic novel
700 ## - ENTRADA AGREGADA--NOMBRE PERSONAL
Nombre de persona Sharpe, Isabel
700 1# - ENTRADA AGREGADA--NOMBRE PERSONAL
Nombre de persona Atkins, Dawn
856 ## - LOCALIZACIÓN Y ACCESO ELECTRÓNICOS
Identificador Uniforme de Recursos <a href="https://public.digitaliapublishing.com/a/50361">https://public.digitaliapublishing.com/a/50361</a>
942 ## - ELEMENTOS DE ENTRADA SECUNDARIOS (KOHA)
Tipo de ítem Koha Libro Digital

No items available.

Powered by Koha